000 00342 a2200109 4500
020 _a0877625972
082 _a620.118 ASH
100 _aAshbee, K. H. G.
245 _aFundamental principles of fiber reinforced composites /
_cK.H.G. Ashbee.
260 _aLancaster :
_bTechnomic Pub. Co.,
_cc1989.
300 _axiii, 372 p. :
_bill. ;
_c24 cm.
650 _aFibrous composites.
999 _c823
_d823